Learning Resource and Development

COVID-19 lockdowns and basic needs in developing countries / (Record no. 27307)

MARC details
000 -LEADER
fixed length control field 01411nam a2200265 i 4500
003 - CONTROL NUMBER IDENTIFIER
control field CSPC
005 - DATE AND TIME OF LATEST TRANSACTION
control field 20240422162617.0
008 - FIXED-LENGTH DATA ELEMENTS--GENERAL INFORMATION
fixed length control field 240326s2022 ii a b 001 0 eng d
020 ## - INTERNATIONAL STANDARD BOOK NUMBER
International Standard Book Number 9789390780044
040 ## - CATALOGING SOURCE
Transcribing agency CSPC
Original cataloging agency CSPC
Language of cataloging eng
Description conventions rda
082 04 - DEWEY DECIMAL CLASSIFICATION NUMBER
Classification number 330.9
Item number C838
245 00 - TITLE STATEMENT
Title COVID-19 lockdowns and basic needs in developing countries /
Statement of responsibility, etc. edited by K.S.S.N. Neelima, P. Hyma.
264 #1 - PRODUCTION, PUBLICATION, DISTRIBUTION, MANUFACTURE, AND COPYRIGHT NOTICE
Place of production, publication, distribution, manufacture New Delhi, India :
Name of producer, publisher, distributor, manufacturer Random Publications,
Date of production, publication, distribution, manufacture, or copyright notice 2022.
300 ## - PHYSICAL DESCRIPTION
Extent viii, 286 pages :
Other physical details illustrations ;
Dimensions 24 cm.
336 ## - CONTENT TYPE
Source rdacontent
Content type term text
337 ## - MEDIA TYPE
Source rdamedia
Media type term unmediated
338 ## - CARRIER TYPE
Source rdacarrier
Carrier type term volume
504 ## - BIBLIOGRAPHY, ETC. NOTE
Bibliography, etc. note Includes bibliographical references and index.
505 0# - FORMATTED CONTENTS NOTE
Formatted contents note Introduction -- COVID-19 pandemic lockdowns -- COVID-19: developing countries in unprecedented debt situation -- COVID-19 pandemic lockdown in India -- COVID-19 pandemic lockdown in China -- Lockdowns in developing countries focus on shielding the elderly -- Impacts of COVID-19 on global tourism industry -- Reopening status in countries banned or restricted events -- The devastating consequences of coronavirus lockdowns in poor countries.
650 #0 - SUBJECT ADDED ENTRY--TOPICAL TERM
Topical term or geographic name entry element COVID-19 (Disease)
General subdivision Economic aspects.
700 1# - ADDED ENTRY--PERSONAL NAME
Personal name Neelima, K.S.S.N.,
Relator term editor.
700 1# - ADDED ENTRY--PERSONAL NAME
Personal name Hyma, P.,
Relator term editor.
942 ## - ADDED ENTRY ELEMENTS (KOHA)
Source of classification or shelving scheme Dewey Decimal Classification
Koha item type Books
Classification part 330.9
Call number prefix NUR
Call number suffix 2022
Suppress in OPAC No
Holdings
Withdrawn status Lost status Source of classification or shelving scheme Damaged status Not for loan Home library Current library Shelving location Date acquired Total Checkouts Full call number Barcode Date last seen Copy number Price effective from Koha item type
    Dewey Decimal Classification     Main Library Main Library Nursing Section 03/26/2024   NUR 330.9 C838 2022 027496 03/26/2024 1-1 03/26/2024 Books